| 000 | 00666 a2200217 4500 | ||
|---|---|---|---|
| 001 | 139966 | ||
| 003 | OSt | ||
| 005 | 20260116171247.0 | ||
| 008 | |||
| 020 | _a9789814374422 | ||
| 082 |
_a003.857 _bL56C |
||
| 100 | 1 | _aLetellier, Christophe | |
| 245 | 1 |
_aChaos in nature _cby Christophe Letellier |
|
| 260 |
_aNew Jersey _bWorld Scientific _c2013 |
||
| 300 | _a378p. | ||
| 490 | _aworld scientific series on nonlinear science edited by Leon O. Chua | ||
| 546 | _aenglish | ||
| 650 | _aMathematics | ||
| 653 | _aMechanics, Analytic; Nonlinear theories; Celestial mechanics; Chaotic behavior in systems | ||
| 942 |
_2ddc _cBK |
||
| 999 |
_c12210 _d12210 |
||